Biblioteca

Jesús como terapeuta (Registro nro. 69900)

Detalles MARC
000 -LÍDER
Campo fijo de descripción fija 01470nab a2200241 i 4500
001 - NÚMERO DE CONTROL
Campo de control 768714001
003 - IDENTIFICADOR DEL NÚMERO DE CONTROL
Campo de control CO-MdFUSB
005 - FECHA Y HORA DE LA ULTIMA TRANSACCIÓN
control field 20240524103820.0
008 - ELEMENTOS DE LONGITUD FIJA -- INFORMACIÓN GENERAL
Campo fijo de descripción fija -- Información general 240524t1974 sp ||||| |||| 00| 0 spa d
040 ## - FUENTE DE CATALOGACIÓN
Idioma de catalogación spa
Agencia que realiza la transcripción CO-MdFUSB
Agencia que realiza la modificación CO-MdFUSB
041 ## - CÓDIGO DE IDIOMA
Código de idioma para texto/pista de sonido o título separado spa
100 ## - ASIENTO PRINCIPAL--NOMBRE PERSONAL
Nombre personal Kahlefeld, Heinrich,
Término relacionador autor
245 ## - TÍTULO
Título Jesús como terapeuta
Mención de responsabilidad / Heinrich Kahlefeld ; traducido por Jesús Larriba
520 ## - NOTA DE RESUMEN, ETC.
Nota de sumario, etc. La investigación ha recuperado de nuevo la confianza en que, aplicando criterios positivos y negativos, es posible reconocer o descubrir un resto considerable de auténticas tradiciones de Jesús; ello autoriza a hablar con fundamento de una actividad terapéutica de Jesús. Mas no se trata de aquellas curaciones psicosomáticas que, como signo profético, esclarecen y corroboran el mensaje acerca de la inminente llegada del Reino de Dios, sino de las acciones que liberan al hombre afectado de los bloqueos, a veces muy profundos, que le impiden una relación con Dios abierta, llena de confianza y que impulse a la acción.
650 #0 - ASIENTO SECUNDARIO DE MATERIA - TERMINO TEMÁTICO
Término temático o nombre geográfico como elemento de entrada Vida cristiana
9 (RLIN) 19
650 #7 - ASIENTO SECUNDARIO DE MATERIA - TERMINO TEMÁTICO
Término temático o nombre geográfico como elemento de entrada Psicología de la forma
9 (RLIN) 7256
650 #7 - ASIENTO SECUNDARIO DE MATERIA - TERMINO TEMÁTICO
Término temático o nombre geográfico como elemento de entrada Cristología
9 (RLIN) 239
653 ## - TÉRMINO DE INDIZACIÓN - NO CONTROLADO
Término no controlado Terapia
700 ## - ENTR. SECUNDARIA - Nombre Personal (R)
Nombre de persona Larriba, Jesús, ‎
Término indicativo de función traductor
773 0# - ASIENTO DE ITEM FUENTE
Biblionumber 49450
Itemnumber 82679
Otro identificador del ítem R2589
Título Revista internacional de teología Concilium
Número de control del registro (CO-MdFUSB)8
Número Internacional Normalizado para Publicaciones Seriadas (ISSN) 0210-1041
Parte(s) relacionada(s) / Volumen., número. (mes año), páginas Volumen 99, (noviembre, 1974 ) páginas: 338 - 343
Enumeración y primera página páginas: 338
942 ## - TIPO DE MATERIAL (KOHA)
Tipo de Item KOHA Artículos de Revista
945 ## - INFORMACIÓN LOCAL DEL REGISTRO
Catalogador Catherine Arias Álvarez - Practicante SENA

No hay ítems disponibles.

Biblioteca FUSBC | Teléfono: (57+4) 349 88 10 Ext. 141| WhatsApp (+57) 3005338115 
E-mail: biblioteca@unisbc.edu.co | Calle 76 87-14 Robledo Palenque, Medellín, Colombia

Con tecnología Koha